| 000 | 00543nam a22001577a 4500 | ||
|---|---|---|---|
| 082 | _a200 | ||
| 100 | _aSami, Abdus | ||
| 245 |
_aPhysical Vulnerability Assessment Due to Floods Siesmandi Area / _cAbdus Sami |
||
| 260 |
_aIslamabad : _bMCE - NUST, _c2017. |
||
| 300 |
_a109 p. ; _c30cm. |
||
| 650 |
_aMS- Basic sciences Humanities _9126585 |
||
| 700 |
_a Supervisor: Dr, Muhammad Arshad _9127055 |
||
| 856 | _uhttp://10.250.8.41:8080/xmlui/handle/123456789/31571 | ||
| 942 |
_2ddc _cSC |
||
| 999 |
_c536195 _d536195 |
||